Урядовий кур’єр 14 травня №97 (Record no. 206639)

MARC details
001 - Ідентифікатор запису
Ідентифікатор запису 206639
101 ## - Мова
Мова українська
102 ## - Країна публікації/виробництва
Країна Україна
200 ## - Назва
Назва Урядовий кур’єр 14 травня №97
210 ## - Місце та час видання
Дата видання 2025
942 ## - Додаткові дані (Коха)
Тип одиниці Газети
000 -Маркер запису
Маркер (контрольне поле довжиною 24 байти) 00338nam 22001453 4500
005 - Ідентифікатор версії
Ідентифікатор версії 20250516125237.0
100 ## - Дані загальної обробки
Дані загальної обробки 20250516 ukry50
801 ## - Джерело походження запису
Код бібліографічного формату unimarc
Країна Україна
Правила каталогізації psbo
Holdings
Джерельне місце зберігання Поточне місце зберігання чи видачі Тип одиниці (рівень примірника) <br/>&nbsp; Штрих-код Джерело класифікації чи схема поличного розташування Дата внесення в Коха Стан списання <br/>&nbsp;<br/>&nbsp; Стан обігу (не для випожичання) Стан пошкодження Стан втрати/відсутності Дата, коли останній раз бачено примірник Дата останнього редагування примірника
Читальний зал Читальний зал Газети 2025/97УрядКур Універсальна десяткова класифікація (УДК) 16/05/2025         16/05/2025 2025-05-16 12:53:00

Powered by Koha